|
|
|
|
| LEADER |
00000nab a2200000 a 4500 |
| 001 |
vtls000708654 |
| 003 |
SK-MaSNL |
| 005 |
20260302194453.0 |
| 008 |
180206c1999 xo 0 slo |
| 015 |
|
|
|a SNBRB2000/01-00910
|
| 035 |
|
|
|a CLN000060821
|
| 040 |
|
|
|a SNKBUCL
|b slo
|c SNKBUCL
|e AACR2
|
| 041 |
0 |
|
|a slo
|
| 044 |
|
|
|a xo
|c SK
|
| 080 |
|
|
|a 796.323.093.1
|2 UDC-MRF-SK2
|
| 245 |
0 |
0 |
|a Výborne hrali od 10. do 15. minúty
|b v 2. kole A-skupiny kvalifikácia ME basketbalistiek 2001: Bosna a Hercegovina-Slovensko 46:63 (16:36)
|
| 650 |
0 |
7 |
|a basketbal
|x ženy
|x Slovensko-Bosna a Hercegovina
|z Sarajevo (Bosna a Hercegovina)
|y 1999
|2 snkbucl
|9 914645
|
| 655 |
|
7 |
|a články z novín a časopisov
|2 snkbucl
|9 267496
|
| 773 |
0 |
|
|t Šport
|g Roč. 53, č. 275 (29.11.1999), s. 10
|
| 850 |
|
|
|a Slovenská národná knižnica v Martine
|
| 852 |
|
|
|a SNK
|b KIS3GCP
|
| 958 |
|
|
|a RBX
|
| 999 |
|
|
|c 1448715
|d 1450645
|